000 00853nam a2200229 i 4500
001 96657
003 ES-MaACL
005 20231129144324.0
007 t|
008 050629s1970 sp ||||1| spa d
100 1 _aMancini, Guido.
_975929
245 1 0 _aDos estudios de Literatura Española
_b: Introducción al "Palmerín de Olivia". Perfil de Leandro Fernández de Moratín /
_cGuido Mancini; [traducción de Gloria Arizmendi y Encarnación Didi].
250 _a[1ª ed.].
260 _aBarcelona :
_bPlaneta,
_c1970.
300 _a340 p. ;
_c22 cm.
600 1 7 _aFernández de Moratín, Leandro,
_d1760-1828-
_xCrítica e interpretación
_2
_9143062
700 1 _aArizmendi, Gloria.
_922879
700 1 _aDidi, Encarnación.
_944513
740 0 _aPalmerín de Olivia.
852 _aES-MaACL
_jC-38587
_bR.74048
999 _c96657
_d96657